00384nam a2200109Ia 4500008004100000245011500041260003500156260000900191300000900200650001300209856005200222170516s9999 xx 000 0 und d aEpidemiological Situation of Measles in One of the Regions of the Republic of Kazakhstan Alua Oralovna Omarova bAsian Journal of Pharmaceutics c2017 a11:1 xPharmacy uhttp://www.asiapharmaceutics.info/index.php/ajp